000 00342nam a2200133Ia 4500
008 151001s9999||||xx |||||||||||||| ||und||
100 _aगोविंद केळकर
245 _aजीवनात हि घडी
250 _a1
260 _bप्रथमेश
260 _c2009
300 _a224
365 _b18
999 _c995895
_d995892